[Event "Dortmund Sparkassen op-B 47th"]
[Site "Dortmund"]
[Date "2019.07.13"]
[Round "1"]
[White "Titgemeyer, Eva Maria"]
[Black "Cremerius, Axel"]
[Result "0-1"]
[WhiteElo "1713"]
[BlackElo "1441"]
[PlyCount "56"]
[EventDate "2019.07.13"]
[EventType "swiss"]
[EventRounds "9"]
[EventCountry "GER"]
[SourceTitle "CBM 192 Extra"]
[Source "Chessbase"]
[SourceDate "2019.11.06"]
[SourceVersion "1"]
[SourceVersionDate "2019.11.06"]
[SourceQuality "1"]

1. e4 e6 2. d4 d5 3. Nd2 dxe4 4. Nxe4 Bd7 5. Bd3 Bc6 6. Ne2 Bxe4 7. Bxe4 c6 8. 0-0 Nf6 9. Bg5 Nbd7 10. Bf3 Qc7 11. c3 Bd6 12. h3 h6 13. Bh4 g5 14. Bg3 0-0-0 15. Qc2 h5 16. Be4 h4 17. Bxd6 Qxd6 18. Bf3 Rdg8 19. Rfd1 g4 20. hxg4 Nxg4 21. Kf1 Nh2+ 22. Ke1 Nxf3+ 23. gxf3 h3 24. Ng3 h2 25. Ke2 Qf4 26. c4 Kb8 27. d5 exd5 28. cxd5 Re8+ 0-1

[Event "Mittelrhein Verbandsliga-W 17/18"]
[Site "Nordrheinwestfalen"]
[Date "2017.09.10"]
[Round "1.6"]
[White "Titgemeyer, Eva Maria"]
[Black "Schettler, Juergen"]
[Result "0-1"]
[WhiteElo "1719"]
[BlackElo "1943"]
[PlyCount "50"]
[EventDate "2017.09.10"]
[EventType "team-tourn"]
[EventRounds "11"]
[EventCountry "GER"]
[SourceTitle "EXT 2022"]
[Source "ChessBase"]
[SourceDate "2021.10.06"]
[SourceVersion "1"]
[SourceVersionDate "2021.10.06"]
[SourceQuality "1"]
[WhiteTeam "Aachen SV III"]
[BlackTeam "Alsdorf SVG"]
[WhiteTeamCountry "GER"]
[BlackTeamCountry "GER"]

1. e4 e6 2. d4 d5 3. Nd2 Nf6 4. e5 Nfd7 5. Bd3 c5 6. c3 Nc6 7. Ne2 cxd4 8. cxd4 f6 9. exf6 Nxf6 10. Nf3 Bd6 11. 0-0 0-0 12. a3 Bd7 13. Re1 Qb6 14. Bb1 Kh8 15. Nc3 Rae8 16. Qd3 g6 17. b4 e5 18. dxe5 Nxe5 19. Nxe5 Bxe5 20. Be3 d4 21. Bg5 dxc3 22. Ba2 Bf5 23. Qc4 Ng4 24. Be3 Nxe3 25. fxe3 Be6 0-1

[Event "Mittelrhein Regionalliga 16/17"]
[Site "Nordrheinwestfalen"]
[Date "2017.04.09"]
[Round "10.7"]
[White "Vetter, Herbert"]
[Black "Titgemeyer, Eva Maria"]
[Result "1-0"]
[WhiteElo "2111"]
[BlackElo "1733"]
[PlyCount "75"]
[EventDate "2016.09.11"]
[EventType "team-tourn"]
[EventRounds "11"]
[EventCountry "GER"]
[SourceTitle "EXT 2022"]
[Source "ChessBase"]
[SourceDate "2021.10.06"]
[SourceVersion "1"]
[SourceVersionDate "2021.10.06"]
[SourceQuality "1"]
[WhiteTeam "Langenfeld"]
[BlackTeam "Aachen SV II"]
[WhiteTeamCountry "GER"]
[BlackTeamCountry "GER"]

1. e4 e5 2. Bc4 Nf6 3. d4 exd4 4. Nf3 Nc6 5. 0-0 Be7 6. Nxd4 Nxe4 7. Nf5 0-0 8. Qg4 Ng5 9. Nxe7+ Nxe7 10. Qxg5 d5 11. Be2 Be6 12. Nc3 c6 13. b3 f6 14. Qd2 Qc7 15. Bb2 Ng6 16. Rfe1 Ne5 17. Qf4 Rae8 18. Rad1 Bf7 19. Ba3 c5 20. Nxd5 Qc6 21. Ne3 b6 22. Nc4 Bg6 23. Qd2 Bf7 24. Qc3 Re6 25. Nxe5 Rxe5 26. Bc4 Rxe1+ 27. Rxe1 a5 28. Bxf7+ Rxf7 29. Qc4 Kf8 30. Re6 Qc7 31. Qe4 g6 32. Bb2 Qd8 33. g3 Kg7 34. Kg2 Kf8 35. Qc6 Kg7 36. Bc3 h5 37. Qxb6 Qd5+ 38. f3 1-0

[Event "Dortmund Sparkassen op-B 44th"]
[Site "Dortmund"]
[Date "2016.07.15"]
[Round "7"]
[White "Strack, Patrick"]
[Black "Titgemeyer, Eva Maria"]
[Result "0-1"]
[WhiteElo "1541"]
[BlackElo "1667"]
[PlyCount "34"]
[EventDate "2016.07.09"]
[EventType "swiss"]
[EventRounds "9"]
[EventCountry "GER"]
[SourceTitle "CBM 173 Extra"]
[Source "ChessBase"]
[SourceDate "2016.08.29"]
[SourceVersion "1"]
[SourceVersionDate "2016.08.29"]
[SourceQuality "1"]

1. e4 e5 2. Nf3 Nc6 3. Bc4 Nf6 4. Ng5 d5 5. exd5 b5 6. dxc6 bxc4 7. Nc3 h6 8. Nge4 Nd5 9. Qf3 Be6 10. a3 Be7 11. 0-0 0-0 12. Na4 Nf4 13. d3 f5 14. Nec5 Bd5 15. Qe3 Bxc5 16. Qxe5 Bd6 17. Qe1 Qg5 0-1

[Event "Dortmund Sparkassen op-B 44th"]
[Site "Dortmund"]
[Date "2016.07.13"]
[Round "5"]
[White "Schlepuetz, Volker"]
[Black "Titgemeyer, Eva Maria"]
[Result "0-1"]
[WhiteElo "1457"]
[BlackElo "1667"]
[PlyCount "46"]
[EventDate "2016.07.09"]
[EventType "swiss"]
[EventRounds "9"]
[EventCountry "GER"]
[SourceTitle "CBM 173 Extra"]
[Source "ChessBase"]
[SourceDate "2016.08.29"]
[SourceVersion "1"]
[SourceVersionDate "2016.08.29"]
[SourceQuality "1"]

1. d4 d5 2. c4 e6 3. Nf3 Nf6 4. e3 c5 5. Nc3 Nc6 6. Bd3 dxc4 7. Bxc4 cxd4 8. exd4 Bb4 9. 0-0 0-0 10. a3 Ba5 11. b4 Bb6 12. d5 exd5 13. Nxd5 Nxd5 14. Qxd5 Qf6 15. Bg5 Qg6 16. Qd3 Bf5 17. Qb3 Be4 18. Bf4 Nd4 19. Nh4 Qc6 20. Qa2 Qf6 21. Bg3 g5 22. Nf3 Nxf3+ 23. gxf3 Qxf3 0-1

[Event "Dortmund Sparkassen op-B 44th"]
[Site "Dortmund"]
[Date "2016.07.10"]
[Round "2"]
[White "Titgemeyer, Eva Maria"]
[Black "Bashylina, Luisa"]
[Result "1-0"]
[WhiteElo "1667"]
[BlackElo "1548"]
[PlyCount "105"]
[EventDate "2016.07.09"]
[EventType "swiss"]
[EventRounds "9"]
[EventCountry "GER"]
[SourceTitle "CBM 173 Extra"]
[Source "ChessBase"]
[SourceDate "2016.08.29"]
[SourceVersion "1"]
[SourceVersionDate "2016.08.29"]
[SourceQuality "1"]

1. e4 c5 2. Nf3 e6 3. d4 cxd4 4. Nxd4 a6 5. Nc3 Qc7 6. Be2 Nf6 7. a3 b5 8. Be3 Bb7 9. f3 Nc6 10. 0-0 Bc5 11. Bf2 Qb6 12. Nxc6 Bxf2+ 13. Rxf2 Bxc6 14. Bd3 0-0 15. Qe2 d6 16. Raf1 Nh5 17. Qd2 Nf6 18. Kh1 Qb7 19. Qe2 d5 20. e5 Nd7 21. b4 Qc7 22. f4 Nb6 23. Qh5 g6 24. Qh6 Nc4 25. Nd1 a5 26. Rf3 f5 27. exf6 Rxf6 28. Bxc4 bxc4 29. Nf2 axb4 30. axb4 Qb7 31. Ng4 Rff8 32. Ne5 d4 33. Rg3 Rf6 34. Nxc6 Qxc6 35. Qg5 Rf5 36. Qg4 Qd6 37. Qe2 Qxf4 38. Qxe6+ Kh8 39. Rgf3 Qe3 40. Qxc4 Rxf3 41. gxf3 Rf8 42. Qd5 Qe2 43. Qxd4+ Kg8 44. Rf2 Qe1+ 45. Kg2 Rb8 46. Qd5+ Kg7 47. b5 Qc3 48. Re2 Kh6 49. f4 Qb4 50. Qg5+ Kg7 51. Re7+ Kg8 52. Qd5+ Kh8 53. Qe5+ 1-0

[Event "Dortmund Sparkassen op-B"]
[Site "Dortmund"]
[Date "2015.07.04"]
[Round "8"]
[White "Schaede, Maximilian"]
[Black "Titgemeyer, Eva Maria"]
[Result "0-1"]
[WhiteElo "1551"]
[BlackElo "1625"]
[PlyCount "92"]
[EventDate "2015.06.27"]
[EventType "swiss"]
[EventRounds "9"]
[EventCountry "GER"]
[SourceTitle "CBM 167 Extra"]
[Source "ChessBase"]
[SourceDate "2015.09.14"]
[SourceVersion "1"]
[SourceVersionDate "2015.09.14"]
[SourceQuality "1"]

1. d4 d5 2. c4 e6 3. Nc3 Nf6 4. Bg5 c6 5. e3 Nbd7 6. Nf3 Qa5 7. cxd5 Nxd5 8. Qd2 Bb4 9. Rc1 N7f6 10. Bd3 0-0 11. 0-0 Re8 12. e4 Nxc3 13. bxc3 Ba3 14. Rb1 Be7 15. Qc2 h6 16. Bd2 Qc7 17. c4 Nd7 18. Rb3 e5 19. d5 Nc5 20. Rb2 Bg4 21. Be2 Bf6 22. h3 Bh5 23. Bb4 Be7 24. Rfb1 b6 25. a4 Rac8 26. a5 bxa5 27. Bxc5 Bxc5 28. Rb7 Qd6 29. Qa4 Bb6 30. g4 Bg6 31. Bd3 Qc5 32. Rb2 cxd5 33. Nh4 Bxe4 34. Bxe4 dxe4 35. Nf5 Rcd8 36. Qc2 Rd3 37. Kg2 Kf8 38. Qa4 Qc8 39. R7xb6 axb6 40. Rxb6 g6 41. Nd6 Qa8 42. Nxe8 e3+ 43. Kf1 Qh1+ 44. Ke2 Rd2+ 45. Kxe3 Qe1+ 46. Kf3 Qxf2+ 0-1

[Event "Dortmund Sparkassen op-B"]
[Site "Dortmund"]
[Date "2015.07.01"]
[Round "5"]
[White "Titgemeyer, Eva Maria"]
[Black "Barth, Hans Joachim"]
[Result "0-1"]
[WhiteElo "1625"]
[BlackElo "1727"]
[PlyCount "72"]
[EventDate "2015.06.27"]
[EventType "swiss"]
[EventRounds "9"]
[EventCountry "GER"]
[SourceTitle "CBM 167 Extra"]
[Source "ChessBase"]
[SourceDate "2015.09.14"]
[SourceVersion "1"]
[SourceVersionDate "2015.09.14"]
[SourceQuality "1"]

1. e4 c5 2. Nf3 d6 3. d4 cxd4 4. Nxd4 Nf6 5. Nc3 g6 6. Be2 Bg7 7. Be3 Nc6 8. f4 0-0 9. 0-0 Bd7 10. Bf3 Rc8 11. Nxc6 bxc6 12. Bxa7 c5 13. e5 Ng4 14. Nd5 h5 15. Bb6 Qe8 16. h3 Nh6 17. Nc7 Qd8 18. exd6 exd6 19. Qxd6 Nf5 20. Qd3 Bd4+ 21. Kh2 c4 22. Nd5 Bxb6 23. Qc3 Bd4 24. Qd2 Bc6 25. c3 Be3 26. Qd1 Bxd5 27. Bxd5 Qh4 28. Qf3 Rfe8 29. g3 Qf6 30. a4 Rb8 31. Rfb1 Rec8 32. g4 hxg4 33. hxg4 Qh4+ 34. Kg2 Ne7 35. Rh1 Rxb2+ 36. Kf1 Rf2+ 0-1

[Event "GER-ch U16 Girls"]
[Site "Magdeburg"]
[Date "2014.06.09"]
[Round "3"]
[White "Titgemeyer, Eva Maria"]
[Black "Bork, Sophie"]
[Result "0-1"]
[WhiteElo "1610"]
[BlackElo "1737"]
[PlyCount "116"]
[EventDate "2014.06.08"]
[EventType "swiss"]
[EventRounds "9"]
[EventCountry "GER"]
[SourceTitle "CBM 160 Extra"]
[Source "ChessBase"]
[SourceDate "2014.07.01"]
[SourceVersion "1"]
[SourceVersionDate "2014.07.01"]
[SourceQuality "1"]

1. e4 e5 2. Nf3 Nc6 3. Bc4 Bc5 4. 0-0 d6 5. d3 Nf6 6. c3 a6 7. Nbd2 0-0 8. h3 Ba7 9. Re1 Na5 10. b4 Nxc4 11. Nxc4 Re8 12. Be3 Be6 13. Bxa7 Rxa7 14. Ne3 c6 15. Nh4 Nxe4 16. dxe4 Qxh4 17. Qxd6 Raa8 18. a4 Rad8 19. Qc5 Rd2 20. Nf1 Rdd8 21. Ng3 Qg5 22. Qb6 Rd7 23. Rad1 Red8 24. Rxd7 Rxd7 25. Qc5 h5 26. Qe3 Qxe3 27. Rxe3 Rd1+ 28. Kh2 g6 29. f3 Bc4 30. Nh1 Rd2 31. Kg1 Rd1+ 32. Kh2 a5 33. Nf2 Ra1 34. Nd3 Bxd3 35. Rxd3 Rxa4 36. bxa5 Rxa5 37. Rd8+ Kg7 38. Rb8 Rb5 39. Kg1 Rb3 40. c4 Kf6 41. Kf2 Ke7 42. c5 Rb5 43. Ke3 Kd7 44. Rf8 Rxc5 45. Rxf7+ Kc8 46. Rg7 b5 47. Ra7 b4 48. Ra6 Kb7 49. Ra1 Rc3+ 50. Kd2 c5 51. Rb1 Kb6 52. Rb2 Kb5 53. h4 Ka4 54. Ra2+ Kb3 55. Ra1 Rc2+ 56. Kd1 Kb2 57. Ra5 b3 58. g3 c4 0-1

[Event "GER-chT U14 Girls"]
[Site "Magdeburg"]
[Date "2012.12.29"]
[Round "6.1"]
[White "Titgemeyer, Eva Maria"]
[Black "Sherif, Amina"]
[Result "0-1"]
[WhiteElo "1622"]
[BlackElo "1642"]
[PlyCount "86"]
[EventDate "2012.12.27"]
[EventType "team-swiss"]
[EventRounds "7"]
[EventCountry "GER"]
[SourceTitle "EXT 2014"]
[Source "ChessBase"]
[SourceDate "2013.11.20"]
[SourceVersion "1"]
[SourceVersionDate "2013.11.20"]
[SourceQuality "1"]
[WhiteTeam "Porz SG"]
[BlackTeam "Solingen"]
[WhiteTeamCountry "GER"]
[BlackTeamCountry "GER"]

1. e4 c5 2. Nf3 d6 3. d4 cxd4 4. Nxd4 Nf6 5. Nc3 a6 6. Bg5 Nbd7 7. f4 Qc7 8. Qf3 e6 9. Bd3 Be7 10. Nb3 0-0 11. 0-0 b5 12. Qh3 h6 13. Bh4 Re8 14. Rae1 Bb7 15. Qg3 b4 16. Nd1 Rad8 17. e5 Nd5 18. Bxe7 Nxe7 19. f5 Nxe5 20. f6 N7g6 21. Bxg6 Nxg6 22. h4 h5 23. Qg5 Qb6+ 24. Kh1 Qb5 25. Qg3 Ba8 26. Ne3 Qe5 27. Qxe5 Nxe5 28. Kh2 Rc8 29. Rd1 Red8 30. Nd4 Ng6 31. g3 Ne5 32. fxg7 Kxg7 33. Kh3 Nc4 34. Nxc4 Rxc4 35. Rf2 Be4 36. b3 Rc3 37. Rdf1 Bg6 38. Nf3 Rxc2 39. Rxc2 Bxc2 40. Ng5 Bf5+ 41. Kg2 Rc8 42. Kf3 Rc2 43. Ra1 d5 0-1

[Event "GER-chT U14 Girls"]
[Site "Magdeburg"]
[Date "2012.12.27"]
[Round "2.1"]
[White "Schumann, Rabea"]
[Black "Titgemeyer, Eva Maria"]
[Result "1-0"]
[WhiteElo "1373"]
[BlackElo "1622"]
[PlyCount "97"]
[EventDate "2012.12.27"]
[EventType "team-swiss"]
[EventRounds "7"]
[EventCountry "GER"]
[SourceTitle "EXT 2014"]
[Source "ChessBase"]
[SourceDate "2013.11.20"]
[SourceVersion "1"]
[SourceVersionDate "2013.11.20"]
[SourceQuality "1"]
[WhiteTeam "Guestrow/Teterow"]
[BlackTeam "Porz SG"]
[WhiteTeamCountry "GER"]
[BlackTeamCountry "GER"]

1. c4 e5 2. g3 Nf6 3. Bg2 d5 4. b3 Be6 5. d3 c6 6. Bb2 Nbd7 7. Nf3 e4 8. Nd4 Bb4+ 9. Nd2 Qe7 10. 0-0 0-0 11. dxe4 Bxd2 12. Qxd2 dxc4 13. Nxe6 Qxe6 14. bxc4 Rad8 15. Rac1 Nxe4 16. Qd4 Nef6 17. e3 Nb6 18. Qc3 Rd7 19. Rc2 Rfd8 20. Qe5 Qxe5 21. Bxe5 Rd2 22. Rfc1 Rxc2 23. Rxc2 Rd1+ 24. Bf1 Ne4 25. Kg2 Rd2 26. Rxd2 Nxd2 27. Bd3 Nbxc4 28. Bc3 b5 29. e4 a6 30. Bxd2 Nxd2 31. f4 Kf8 32. Kf2 Ke7 33. Ke3 Nc4+ 34. Bxc4 bxc4 35. Kd4 Kf6 36. Kxc4 Kg6 37. g4 h5 38. h3 hxg4 39. hxg4 Kf6 40. Kc5 Ke6 41. Kxc6 f6 42. Kb6 g5 43. fxg5 fxg5 44. Kxa6 Ke5 45. Kb5 Kxe4 46. a4 Kf4 47. a5 Kxg4 48. a6 Kh3 49. a7 1-0

[Event "GER-chT U14 Girls"]
[Site "Arendsee"]
[Date "2011.12.28"]
[Round "3.1"]
[White "Diederichs, Luise"]
[Black "Titgemeyer, Eva Maria"]
[Result "1/2-1/2"]
[WhiteElo "1753"]
[BlackElo "1519"]
[PlyCount "123"]
[EventDate "2011.12.27"]
[EventType "team-swiss"]
[EventRounds "7"]
[EventCountry "GER"]
[SourceTitle "EXT 2022"]
[Source "ChessBase"]
[SourceDate "2021.10.06"]
[SourceVersion "1"]
[SourceVersionDate "2021.10.06"]
[SourceQuality "1"]
[WhiteTeam "Harksheide U14 Girls"]
[BlackTeam "Porz SG U14 Girls"]
[WhiteTeamCountry "GER"]
[BlackTeamCountry "GER"]

1. c4 e5 2. Nc3 Nf6 3. g3 d5 4. cxd5 Nxd5 5. Bg2 Nb6 6. Nf3 Nc6 7. d3 Bd6 8. a3 a5 9. Be3 0-0 10. 0-0 Be6 11. Ng5 Bf5 12. Nge4 Be7 13. Bc5 Qd7 14. Rc1 Rae8 15. Bxe7 Rxe7 16. Nc5 Qc8 17. Nb5 Nd8 18. Qd2 a4 19. Qb4 Rfe8 20. Nxa4 Nxa4 21. Qxa4 Bd7 22. Qb4 Bxb5 23. Qxb5 c6 24. Qb6 Ne6 25. Bh3 Qd7 26. Rc4 Qd6 27. Bxe6 Qxe6 28. Rfc1 Qd5 29. Qc5 Qd7 30. Rb4 h6 31. Qa7 Rc8 32. Rcc4 Rc7 33. Qc5 f6 34. Rc3 Kh8 35. a4 Rc8 36. Re4 Rce8 37. b4 Re6 38. Rec4 Ra8 39. b5 Rc8 40. Qb4 Kg8 41. a5 Ree8 42. Qb3 Kh8 43. bxc6 bxc6 44. Qb6 Re6 45. Rc5 Rc7 46. a6 Rc8 47. Rb3 Re7 48. Qa5 Qa7 49. Rb6 Rec7 50. Rc1 Kg8 51. Rcb1 Kh7 52. e3 Ra8 53. Rb7 Rxb7 54. Rxb7 Qxa6 55. Qc7 Rg8 56. Qd7 Qa1+ 57. Kg2 Qc3 58. Rc7 c5 59. Qf5+ Kh8 60. Qg6 Qa5 61. Rf7 Qa8+ 62. Kg1 1/2-1/2

[Event "GER-chT U14 Girls"]
[Site "Arendsee"]
[Date "2011.12.28"]
[Round "4.1"]
[White "Titgemeyer, Eva Maria"]
[Black "Hoeschen, Franziska"]
[Result "1/2-1/2"]
[WhiteElo "1519"]
[BlackElo "1377"]
[PlyCount "28"]
[EventDate "2011.12.27"]
[EventType "team-swiss"]
[EventRounds "7"]
[EventCountry "GER"]
[SourceTitle "EXT 2022"]
[Source "ChessBase"]
[SourceDate "2021.10.06"]
[SourceVersion "1"]
[SourceVersionDate "2021.10.06"]
[SourceQuality "1"]
[WhiteTeam "Porz SG U14 Girls"]
[BlackTeam "Paderborn U14 Girls"]
[WhiteTeamCountry "GER"]
[BlackTeamCountry "GER"]

1. e4 c5 2. Nf3 Nc6 3. d4 cxd4 4. Nxd4 g6 5. Nc3 Bg7 6. Be3 e6 7. f3 Nge7 8. Be2 0-0 9. Qd2 Re8 10. 0-0-0 d5 11. Nxc6 bxc6 12. Bh6 Bh8 13. h4 Rb8 14. h5 Qb6 1/2-1/2

[Event "GER-ch Net qual3 U14"]
[Site "Playchess.com INT"]
[Date "2011.05.08"]
[Round "3"]
[White "Wastian, Jan"]
[Black "Titgemeyer, Eva Maria"]
[Result "1-0"]
[WhiteElo "1551"]
[BlackElo "1287"]
[PlyCount "61"]
[EventDate "2011.05.08"]
[EventType "swiss (blitz)"]
[EventRounds "7"]
[EventCountry "GER"]
[SourceTitle "CBM 142 Extra"]
[Source "ChessBase"]
[SourceDate "2011.06.27"]
[SourceVersion "1"]
[SourceVersionDate "2011.06.27"]
[SourceQuality "1"]

1. e4 e5 2. Nf3 Nc6 3. Bc4 Nf6 4. Ng5 d5 5. exd5 b5 6. Bf1 Nd4 7. c3 Nxd5 8. cxd4 Qxg5 9. Bxb5+ Bd7 10. Bxd7+ Kxd7 11. Qf3 c6 12. 0-0 exd4 13. Qxf7+ Be7 14. d3 Qg4 15. h3 Qh4 16. Qf5+ Kc7 17. Bd2 g6 18. Qe5+ Kd7 19. Re1 Rhf8 20. Qe6+ Kc7 21. Ba5+ Kb7 22. f3 Qg3 23. Nd2 Ne3 24. Qxe7+ Ka6 25. Re2 Kxa5 26. Nc4+ Nxc4 27. Qc5+ Ka6 28. Qxc4+ Kb7 29. Re7+ Kc8 30. Qxc6+ Kd8 31. Qd7# 1-0